Cómo pasarlo bien y sacarse buenas notas: una invitación a los hábitos de estudio
Gespeichert in:
| Hauptverfasser: | , |
|---|---|
| Format: | Buch |
| Sprache: | Spanisch |
| Veröffentlicht: |
Santiago
LOM
2000
|
| Schriftenreihe: | Enfoques Pedagógicos
|
| Schlagworte: | |
| Tags: |
Tag hinzufügen
Keine Tags, Fügen Sie den ersten Tag hinzu!
|
MARC
| LEADER | 00000nam a2200000 a 4500 | ||
|---|---|---|---|
| 001 | UCL3669 | ||
| 003 | CL-VaPUC | ||
| 008 | 031205e20000000CL |||||||||||||||||spa|d | ||
| 020 | |a 9562822869 | ||
| 082 | 0 | 4 | |a 371.30281 |b ORR |2 21 |
| 100 | |a Orrego B., Terry |e autor |9 481029 | ||
| 700 | 0 | |a Saffie R., Nubia |e author |9 481030 | |
| 245 | 1 | 0 | |a Cómo pasarlo bien y sacarse buenas notas: una invitación a los hábitos de estudio |
| 300 | |a 82 p | ||
| 942 | |c BK | ||
| 945 | |d 20031205 00:00:00 |a cmena | ||
| 260 | |a Santiago |b LOM |c 2000 | ||
| 650 | 0 | |a Métodos de estudio |9 260518 | |
| 650 | 0 | |a Aprendizaje |9 254827 | |
| 650 | 0 | |a Psicología educacional |9 307830 | |
| 650 | 0 | |a Autoestima |9 308492 | |
| 583 | |a last modification |c 20031205 00:00:00 |k Rodrigo Vera | ||
| 490 | 0 | |a Enfoques Pedagógicos | |
| 999 | |c 306682 |d 306680 | ||
| 952 | |0 0 |1 0 |4 0 |6 371_302810000000000_ORR_2000 |7 0 |8 A |9 371869 |a BIBEDU |b BIBEDU |d 2019-11-21 |i 3970728 |o 371.30281 ORR 2000 |p 3970728 |r 2019-11-21 |w 2019-11-21 |y BK |k EBA | ||